书目信息 |
| 题名: |
明星狼
|
|
| 作者: | 王为民 著 | |
| 分册: | ||
| 出版信息: | 武汉 长江文艺出版社 2015 |
|
| 页数: | 218页 | |
| 开本: | 24cm | |
| 丛书名: | ||
| 单 册: | ||
| 中图分类: | I253.5 , J903 | |
| 科图分类: | ||
| 主题词: | 纪实文学--中国--当代 , 电影--拍摄--概况--中国 | |
| 电子资源: | ||
| ISBN: | 978-7-5354-7838-2 | |
| 000 | 00714nam0 2200265 450 | |
| 001 | 007706172 | |
| 005 | 20150609085127.0 | |
| 010 | @a978-7-5354-7838-2@dCNY36.00 | |
| 090 | @aI253.5@bwwm | |
| 096 | @aI247.57@bwwm | |
| 100 | @a20150319d2015 em y0chiy0120 ea | |
| 101 | 0 | @achi |
| 102 | @aCN@b420000 | |
| 105 | @aa z 000zd | |
| 106 | @ar | |
| 200 | 1 | @a明星狼@9ming xing lang@b专著@f王为民著 |
| 210 | @a武汉@c长江文艺出版社@d2015 | |
| 215 | @a218页@c照片@d24cm | |
| 606 | 0 | @a纪实文学@y中国@z当代 |
| 606 | 0 | @a电影@x拍摄@x概况@y中国 |
| 690 | @aI253.5@v5 | |
| 690 | @aJ903@v5 | |
| 701 | 0 | @a王为民@c(影视)@9wang wei min@4著 |
| 801 | 0 | @aCN@bBJXHZP@c20230228 |
| 905 | @b1396682-5@dI247.57@e3731@f4 | |
| 明星狼/王为民著.-武汉:长江文艺出版社,2015 |
| 218页:照片;24cm |
| ISBN 978-7-5354-7838-2:CNY36.00 |
| ● |
| 相关链接 |
|
|
|
|
正题名:明星狼
索取号:I247.57/3731
 
预约/预借
| 序号 | 登录号 | 条形码 | 馆藏地/架位号 | 状态 | 备注 |
| 1 | 0963902 | 209639024 | 第一样本阅览室/ [索取号:I247.57/3731] | 在馆 | |
| 2 | 0963903 | 209639033 | 第二借阅区/ [索取号:I247.57/3731] | 在馆 | |
| 3 | 0963904 | 209639042 | 第二借阅区/ [索取号:I247.57/3731] | 在馆 | |
| 4 | 0963905 | 209639051 | 第二借阅区/ [索取号:I247.57/3731] | 在馆 | |
| 5 | 1396682 | 213966822 | 第二借阅区/ [索取号:I247.57/3731] | 在馆 | |
| 6 | 1396683 | 213966831 | 第二借阅区/ [索取号:I247.57/3731] | 在馆 | |
| 7 | 1396684 | 213966840 | 第二借阅区/ [索取号:I247.57/3731] | 在馆 | |
| 8 | 1396685 | 213966859 | 第二借阅区/ [索取号:I247.57/3731] | 在馆 |